Antología poètica / (Record no. 95696)

MARC details
000 -LEADER
campo de control de longitud fija 00684nam a2200193 i 4500
001 - NÚMERO DE CONTROL
campo de control 95696
003 - IDENTIFICADOR DE NÚMERO DE CONTROL
campo de control ES-MaACL
005 - FECHA Y HORA DE LA ÚLTIMA TRANSACCIÓN
campo de control 20250822063142.0
007 - CAMPO FIJO DE DESCRIPCIÓN FÍSICA--INFORMACIÓN GENERAL
campo de control de longitud fija t|
008 - DATOS DE LONGITUD FIJA--INFORMACIÓN GENERAL
campo de control de longitud fija 050602s1958 sp ||||1| val d
100 1# - ENTRADA PRINCIPAL--NOMBRE DE PERSONA
Nombre de persona Llorente, Teodoro,
Fechas asociadas al nombre 1836-1911
9 (RLIN) 150700
245 10 - MENCIÓN DEL TÍTULO
Título Antología poètica /
Mención de responsabilidad, etc. Teodor Llorente i Olivares ; pròleg, selección i notes de Carles Salvador (Obra pòstuma); dibuixos de Carles Gargallo.
260 ## - PUBLICACIÓN, DISTRIBUCIÓN, ETC.
Lugar de publicación, distribución, etc. Valencia :
Nombre del editor, distribuidor, etc. [s.n.],
Fecha de publicación, distribución, etc. 1958 (
Fabricante Imp. J. Albarracin)
300 ## - DESCRIPCIÓN FÍSICA
Extensión 218 p. :
Otras características físicas il. ;
Dimensiones 18 cm.
700 1# - ENTRADA AGREGADA--NOMBRE PERSONAL
Nombre de persona Salvador, Carles.
9 (RLIN) 102067
700 1# - ENTRADA AGREGADA--NOMBRE PERSONAL
Nombre de persona Gargallo, Carlos.
9 (RLIN) 151947
852 ## - LOCALIZACIÓN
Ubicación ES-MaACL
Número de control de estantería C-15979
Sublocalización o colección R.42945
Holdings
Estatus retirado Estado de pérdida Estado de daño No para préstamo Biblioteca de origen Biblioteca actual Ubicación en estantería Fecha de adquisición Fuente de adquisición Total de préstamos Signatura topográfica completa Código de barras Visto por última vez Precio de reemplazo Tipo de ítem Koha
        Biblioteca del Ateneo de Madrid Biblioteca del Ateneo de Madrid Ficheros 17/01/2008     C-15979 1099925 23/02/2023 23/02/2023 Libro impreso